000 00497nam a2200121Ia 4500
008 171212s9999 xx 000 0 und d
020 _a9780833086044
100 _aEcola, Liisa;Rohr, Charlene;Zmud, Johanna;Kuhnimhof, Tobias;Phleps, Peter
245 _cEcola, Liisa;Rohr, Charlene;Zmud, Johanna;Kuhnimhof, Tobias;Phleps, Peter
_aThe Future of Driving in Developing Countries
260 _bRAND Corporation
_c2014
650 _aSociology
856 _uhttp://www.jstor.org/stable/10.7249/j.ctt14bs3vm
999 _c352659
_d352659